000
00338nam a2200145Ia 4500
008
191201s2011 xx 000 0 und d
082
_a
658.0954
_b
SAB
100
_a
SAINI,Ravindra
245
0
_a
Business Environment
250
_a
1st
260
_a
N. delhi
_b
Global vision pub
_c
2011
300
_a
736
650
_a
BBA
942
_2
ddc
_c
BK
999
_c
4931
_d
4931